Evangelio y evangelistas: las perspectivas de los tres primeros evangelios en sinopsis

Αποθηκεύτηκε σε:
Λεπτομέρειες βιβλιογραφικής εγγραφής
Κύριοι συγγραφείς: Alonso Díaz, José (Συγγραφέας), Sánchez-Ferrero Martín, Antonio (Συγγραφέας)
Μορφή: Βιβλίο
Γλώσσα:Ισπανικά
Έκδοση: Madrid Taurus 1966
Θέματα:
Ετικέτες: Προσθήκη ετικέτας
Δεν υπάρχουν, Καταχωρήστε ετικέτα πρώτοι!

MARC

LEADER 00000nam a2200000 a 4500
001 UCL4209
003 CL-VaPUC
008 040109e19660000SP |||||||||||||||||spa|d
082 0 4 |a 226  |b ALO  |2 21 
100 0 |a Alonso Díaz, José  |e author  |9 481703 
700 0 |a Sánchez-Ferrero Martín, Antonio  |e author  |9 481704 
245 1 0 |a Evangelio y evangelistas: las perspectivas de los tres primeros evangelios en sinopsis 
300 |a 329 p 
942 |c BK 
945 |d 20040109 00:00:00  |a vberengu 
260 |a Madrid  |b Taurus  |c 1966 
650 0 |a Evangelios  |9 314864 
650 0 |a Textos sagrados   |9 257605 
583 |a last modification  |c 20040109 00:00:00  |k Rodrigo Vera 
999 |c 307091  |d 307089 
952 |0 0  |1 0  |4 0  |6 226_000000000000000_ALO_1966  |7 0  |8 F  |9 372590  |a BIBTEO  |b BIBTEO  |d 2019-11-21  |i 2098881  |o 226 ALO 1966  |p 2098881  |r 2025-01-17  |w 2019-11-21  |y BK_F  |k ICR